| 000 | 00637cam a22002172 4500 | ||
|---|---|---|---|
| 001 | 0000005756 | ||
| 005 | 20151021151106.0 | ||
| 008 | 070716s xx 000 0 eng d | ||
| 020 |
_a9966712143 : _cKES 2,600 |
||
| 040 |
_aKABU _cKABU |
||
| 050 | 0 |
_aKSK856 _b.L35 |
|
| 100 | 1 |
_aLaibuta, Kibaya. _@0000156959 |
|
| 245 | 1 | 0 | _aPrinciples of commercial law. |
| 260 |
_aNairobi : _bLawAfrica, _c2006. |
||
| 300 | _axlvii, 490 p. | ||
| 650 | 0 |
_aCommercial law _zKenya. _@0000153411 |
|
| 650 | 0 |
_aBusiness law _zKenya. _@0000156960 |
|
| 852 | 1 | _9p2535 KES | |
| 908 | _a070716 | ||
| 950 | _@1 | ||
| 999 |
_c582 _d582 |
||